| 000 | 00683nam a2200193 4500 | ||
|---|---|---|---|
| 001 | 140382 | ||
| 003 | ES-MaACL | ||
| 005 | 20230906200052.0 | ||
| 007 | t| | ||
| 008 | 070214s1969 sp r ||||1| spa d | ||
| 100 | 1 |
_aSchwartz, Richard H. _9104875 |
|
| 245 | 1 | 3 |
_aEl aborto séptico / _cRichard H. Schwartz ; prólogo de Joseph W. Spelman ; con un capítulo de Bernard Czernobilsky ; versión de A. Garrido Juan. |
| 260 |
_aBarcelona : _bCientífico Médica, _c1969. |
||
| 300 |
_aXIV, 163 p. : _bil. ; _c24 cm. |
||
| 700 | 1 |
_aSpelman, Joseph W. _9107676 |
|
| 700 | 1 |
_aCzernobilsky, Bernard. _942328 |
|
| 700 | 1 |
_aGarrido Juan, A. _955707 |
|
| 852 |
_aES-MaACL _jC-37988 _bR.70756 |
||
| 999 |
_c140382 _d140382 |
||